Principles and use of surveying instruments (Record no. 95175)

MARC details
000 -LEADER
fixed length control field 00492cam a2200205 4500
001 - CONTROL NUMBER
control field ##D2481
008 - FIXED-LENGTH DATA ELEMENTS--GENERAL INFORMATION
fixed length control field 090401t1969 xxu||||| |||| 00| 0 eng d
035 ## - SYSTEM CONTROL NUMBER
System control number (Sirsi) u69253
041 0# - LANGUAGE CODE
Language code of text/sound track or separate title eng
050 04 - LIBRARY OF CONGRESS CALL NUMBER
Classification number 526.9028 $2 18
100 1# - MAIN ENTRY--PERSONAL NAME
Personal name Clendinning, J.
245 00 - TITLE STATEMENT
Title Principles and use of surveying instruments
250 ## - EDITION STATEMENT
Edition statement 3rd ed.
260 ## - PUBLICATION, DISTRIBUTION, ETC.
Place of publication, distribution, etc. London
Name of publisher, distributor, etc. Blackie
Date of publication, distribution, etc. 1969
300 ## - PHYSICAL DESCRIPTION
Extent xii, 319p.
Dimensions 22cm.
350 ## - PRICE (NR) (BK AM CF MU VM SE) [OBSOLETE]
Price 3
700 1# - ADDED ENTRY--PERSONAL NAME
Personal name Olliver, J. G.
942 ## - ADDED ENTRY ELEMENTS (KOHA)
Suppress in OPAC 0
948 ## - LOCAL PROCESSING INFORMATION (OCLC); SERIES PART DESIGNATOR (RLIN)
c (OCLC) 04/03/1997
Holdings
Withdrawn status Lost status Source of classification or shelving scheme Damaged status Not for loan Home library Current library Shelving location Date acquired Cost, normal purchase price Total Checkouts Full call number Barcode Date last seen Copy number Cost, replacement price Price effective from Koha item type
    Dewey Decimal Classification     London London Basement 12/08/1991 3.00   SHELF 322 30017017 06/08/2019 2 3.00 06/08/2019 Book
    Dewey Decimal Classification     London London Books 10/07/2006     526.9028 CLE 30017013 06/08/2019 1   06/08/2019 Book